000 00621nam a2200193 4500
999 _c188952
_d188952
005 20220608113639.0
010 _aENG-133123
020 _a9789352805969
_c395.00
035 _aEN-116655
037 _bDBAD/PUB
082 _a658.4092
100 _aJonsson, Ingvar
245 _aThe Whole Brain Leader:
_b8-Dimensional Approach/
_cIngvar Jonsson
260 _aNew Delhi
_bSage Publications India Pvt. Ltd.
_c2018
270 _aB1/I-1, Mohan Cooperative Industrial Area Mathura Road
_bNew Delhi
_e110044
300 _a200p.
_c21cm(pbk)
700 _aSjoerd De Waal
942 _2ddc
_cEN
_h658.4092
_mJON